| 000 | 00532nam a22002057a 4500 | ||
|---|---|---|---|
| 003 | UA-OsUOA | ||
| 001 | 11379 | ||
| 007 | ta | ||
| 008 | 20050318b un ||||| |||| 00| 0 ukr d | ||
| 100 | _aПетрик О. | ||
| 942 | _cSA | ||
| 040 |
_aUA-OsUOA _bukr _cUA-OsUOA _dUA-OsUOA |
||
| 245 | _aАудиторський висновок і його види | ||
| 300 | _aС.56-63 | ||
| 955 | _a0 | ||
| 041 | _aukr | ||
| 044 | _aUA | ||
| 773 | 0 |
_w0 _tБухгалтерський облік і аудит _dК. _d2005 _gN2 |
|
| 650 | 7 | _2UDC | |
| 999 |
_c297540 _d297540 |
||